Az üzleti turizmus és a borrendezvények szerepe a szállodai marketingben- A Novotel Budapest City példáján keresztül
| Szerző: | |
|---|---|
| További közreműködők: | |
| Dokumentumtípus: | Projektmunka |
| Kulcsszavak: | Accor Hotels borturizmus cégteljesítmény marketing piaci elemzés szakdolgozat vállalati marketing stratégiák |
| Online Access: | http://dolgozattar.uni-bge.hu/59737 |
MARC
| LEADER | 00000nnm a2200000 i 4500 | ||
|---|---|---|---|
| 001 | dolg59737 | ||
| 005 | 20260409145509.0 | ||
| 008 | 260409suuuu hu o 000 hun d | ||
| 040 | |a BGE Dolgozattár Repozitórium |b hun | ||
| 041 | |a hu | ||
| 100 | 1 | |a Czidor Dorina | |
| 245 | 1 | 3 | |a Az üzleti turizmus és a borrendezvények szerepe a szállodai marketingben- A Novotel Budapest City példáján keresztül |c Czidor Dorina |h [elektronikus dokumentum] |
| 516 | |a Project_work | ||
| 520 | 3 | |a A szakdolgozatom témáját az üzleti turizmus és a borrendezvények szerepe fogja képezni a szállodai marketingben, különös figyelmet fordítva a Novotel Budapest City & Budapest Kongresszusi Központ szállodájára, ahol a szakmai gyakorlatomat volt szerencsém teljesíteni. Úgyem, hogy a szállodai iparág egyik legjelentősebb bevételi forrása az üzleti turizmus, más néven MICE (Meetings, Incentives, Conferences, and Exhibitions), hiszen ezek az események igazán stabil keresletet biztosítanak a hotelek számára. Azon belül, az olyan egyedi programok, mint a borrendezvények is igencsak sikeresek lehetnek, egyre népszerűbbé váltak napjainkban. A dolgozatom keretében pedig azt szeretném megvizsgálni, hogy a hotel milyen marketingstratégiákat ezen rendezvénytípusok népszerűsítésére és milyen tényezők befolyásolják a sikerességét a vendéglátásban. | |
| 695 | |a Accor Hotels | ||
| 695 | |a borturizmus | ||
| 695 | |a cégteljesítmény | ||
| 695 | |a marketing | ||
| 695 | |a piaci elemzés | ||
| 695 | |a szakdolgozat | ||
| 695 | |a vállalati marketing stratégiák | ||
| 700 | 1 | |a Sarkadi Katalin |e ths | |
| 856 | 4 | 0 | |u http://dolgozattar.uni-bge.hu/59737/1/Az%20%C3%BCzleti%20turizmus%20%C3%A9s%20a%20borrendezv%C3%A9nyek%20szerepe%20a%20sz%C3%A1llodai%20marketingben-%20A%20Novotel%20p%C3%A9ld%C3%A1j%C3%A1n%20kereszt%C3%BCl.pdf |z Dokumentum-elérés |
| 856 | 4 | 0 | |u http://dolgozattar.uni-bge.hu/59737/2/KM%20FOSZK%20bi%CC%81ra%CC%81lati%20lap_Czidor_Dorina_SarkadiKatalin_2025_05_26.pdf |z Dokumentum-elérés |